Statistics for Countries Ending With O

Click here to take the quiz!

General Stats

  • This quiz has been taken 132 times
  • The average score is 8 of 12

Answer Stats

Country% Correct
Togo
83%
Kosovo
79%
Lesotho
79%
Montenegro
73%
Monaco
72%
Democratic Republic of the Congo
68%
Morocco
68%
Republic of the Congo
68%
Mexico
63%
Burkina Faso
59%
San Marino
57%
Trinidad and Tobago
57%

Score Distribution

Percentile by Number Answered

Percent of People with Each Score

Your Score History

You have not taken this quiz